| 000 | 00850nam a2200205 a 4500 | ||
|---|---|---|---|
| 003 | 0 | ||
| 005 | 20250611130956.0 | ||
| 008 | 021114s19uu xx 00 eng d | ||
| 050 |
_aPGS HV 5824.Y68 _b.C346 1999 |
||
| 100 | _aCastañeda, Juan Luis Navarro. | ||
| 245 |
_aThe relevance of drug education to grade 6 students of Southville International School / _cJuan Luis Navarro Castañeda. |
||
| 260 |
_aLas Piñas City, Philippines : _bSouthville International School and Colleges, _c1999. |
||
| 300 |
_a38 pages : _bcolored illustrations ; _c28 cm. |
||
| 504 | _aIncludes bibliographical references. | ||
| 650 |
_aDrug abuse _vStudy and teaching (Elementary). |
||
| 650 |
_aSubstance abuse _vPrevention _vJuvenile literature. |
||
| 650 |
_aChildren _vDrug use _vEducation. |
||
| 650 |
_aHealth education _vElementary education. |
||
| 942 |
_2lcc _cPASS |
||
| 999 |
_c96134 _d96134 |
||